000 00792pam a2200265 a 4500
001 2405770
003 NUST - PNEC
005 20170116180813.0
008 860709s1986 mdua b 001 0 eng
010 _a 86018021
020 _a0870215582 :
_c$21.95
040 _aDLC
_cLIBRARY
_dDLC
050 0 0 _aV167
_b.H84 1986
082 0 0 _a359.4209 HUG
100 1 _aHughes, Wayne P.,
_d1930-
245 1 0 _aFleet tactics : theory and practice /
_cby Wayne P. Hughes, Jr.
260 _aAnnapolis, Md. :
_bNaval Institute Press,
_cc1986.
300 _axvi, 316 p. :
_bill. ;
_c24 cm.
500 _aIncludes index.
504 _aBibliography: p. [298]-305.
648 _xHistory
650 0 _aNaval tactics
_xGeneral.
906 _a7
_bcbc
_corignew
_d1
_eocip
_f19
_gy-gencatlg
942 _2ddc
_cBK
999 _c63438
_d63438